书目信息 |
| 题名: |
上海合作组织与中国
|
|
| 作者: | 王海运 著 | |
| 分册: | ||
| 出版信息: | 上海 上海大学出版社 2015 |
|
| 页数: | 419页 | |
| 开本: | 23cm | |
| 丛书名: | ||
| 单 册: | ||
| 中图分类: | D814.1 | |
| 科图分类: | ||
| 主题词: | 上海合作组织--Shang Hai He Zuo Zu Zhi--研究 | |
| 电子资源: | ||
| ISBN: | 978-7-5671-1584-2 | |
| 000 | 00937nam0 22002411 450 | |
| 001 | 350921 | |
| 005 | 20161011150902.25 | |
| 010 | @a978-7-5671-1584-2@dCNY88.00 | |
| 100 | @a20160104d2015 em y0chiy50 ea | |
| 101 | 0 | @achi |
| 102 | @aCN@b310000 | |
| 105 | @aa z 000yy | |
| 106 | @ar | |
| 200 | 1 | @a上海合作组织与中国@AShang Hai He Zuo Zu Zhi Yu Zhong Guo@f王海运著 |
| 210 | @a上海@c上海大学出版社@d2015 | |
| 215 | @a419页@c彩照@d23cm | |
| 300 | @a王海运将军文集 国际观察与思考 第四卷 | |
| 330 | @a本书收录了作者本世纪以来撰写的有关上海合作组织的文章、发言和访谈100余篇,分列为上海合作组织的发展、上海合作组织安全合作、上海合作组织经济合作、上海合作组织与中国及媒体访谈录等5个专题,各专题内文章按照发表时间先后进行排序。 | |
| 606 | 0 | @a上海合作组织@AShang Hai He Zuo Zu Zhi@x研究 |
| 690 | @aD814.1@v5 | |
| 701 | 0 | @a王海运@AWang Hai Yun@f(1945~)@4著 |
| 801 | 0 | @aCN@bTANGWEI@c20160808 |
| 905 | @b0892399-402@dD814.1@e115@f4 | |
| 上海合作组织与中国/王海运著.-上海:上海大学出版社,2015 |
| 419页:彩照;23cm |
| 王海运将军文集 国际观察与思考 第四卷 |
| ISBN 978-7-5671-1584-2:CNY88.00 |
| 本书收录了作者本世纪以来撰写的有关上海合作组织的文章、发言和访谈100余篇,分列为上海合作组织的发展、上海合作组织安全合作、上海合作组织经济合作、上海合作组织与中国及媒体访谈录等5个专题,各专题内文章按照发表时间先后进行排序。 |
| ● |
| 相关链接 |
|
|
|
|
正题名:上海合作组织与中国
索取号:D814.1/115
 
预约/预借
| 序号 | 登录号 | 条形码 | 馆藏地/架位号 | 状态 | 备注 |
| 1 | 0892399 | 208923995 | 第一样本阅览室/ [索取号:D814.1/115] | 在馆 | |
| 2 | 0892400 | 208924002 | 第一借阅区/ [索取号:D814.1/115] | 在馆 | |
| 3 | 0892401 | 208924011 | 第一借阅区/ [索取号:D814.1/115] | 在馆 | |
| 4 | 0892402 | 208924020 | 第一借阅区/ [索取号:D814.1/115] | 在馆 |